| 000 | 01006nam a2200241Ia 4500 | ||
|---|---|---|---|
| 999 |
_c52178 _d52178 |
||
| 001 | 19186 | ||
| 003 | GE_BSU | ||
| 005 | 20210415105039.0 | ||
| 008 | 181216s2014||||ge |||||||||||||| ||rus|| | ||
| 040 | _cGE_BSU | ||
| 041 | _arus | ||
| 080 | _a82 Ш-19 | ||
| 100 |
_aШарадзе, Ирма _910404 |
||
| 245 |
_aГрузинский этнос в русской литературе / _cИрма Шарадзе, Научн. руков. Н. Каджая. Батумский гос. ун-т им. Шота Руставели. Департамент славистики. |
||
| 264 |
_aБатуми : _bБатумский гос. ун-т им. Ш. Руставели, _c2014. |
||
| 300 |
_a129 стр. _b30 см. |
||
| 653 | _aГрузинский этнос в русской литературе | ||
| 653 | _aЛитературоведение | ||
| 653 | _aდისერტაცია | ||
| 653 | _aლიტმცოდნეობა | ||
| 653 | _aДиссертация | ||
| 942 |
_cBK _2udc |
||